000 00553nam a2200193Ia 4500
005 20250326142435.0
008 250326s9999 xx 000 0 und d
020 _a0-07-462052-5
037 _aTextbook
040 _aFMSL
_beng
_cFMSL
041 _aeng
_2eng
084 _aX:89A N5
_qFMSL
100 _aChary S N
245 0 _aTheory and problems in production and operations management
_cChary S N
260 _aNew Delhi
_bNew Delhi, Tata McGraw Hill
_c1995
300 _a681p
942 _cTB
_hX:89A N5
999 _c1295038
_d1295038